000 01030nam a22003017a 4500
001 4869
003 FISKH
005 20250820101440.0
008 241022b cb ||||| |||| 00| 0 eng d
020 _a9780545288002
040 _aFISKH
_beng
_cFISKH
_dFISKH
050 _aPZ7.C86942
082 _a813.54
100 _aCrisp, Marty
_d(1947-)
245 _aTitanicat /
_cMarty Crisp Illustrated by Robert Papp
250 _aThis edition first printing in 2010
260 _aNew York :
_bScholastic,
_c2010.
300 _a38 pages :
_bcolor illustrations ;
_c28 cm.
505 _aR
520 _aA boy who has signed on as cabin boy aboard the Titanic helps ready the ship for its maiden voyage, but when it is time to set sail and he cannot find the ship's cat on board, he leaves the vessel to search for her.
521 8 _a710
_bLexile
521 8 _aR
_bRaz-Plus
650 _2Cats
_aPicture book
650 _2Ships
_aTitanic
700 _aPapp, Robert
_dIllustrator
942 _2ddc
_cBK
_n0
999 _c4869
_d4869